Detalles MARC
| 000 -LÍDER |
| Campo fijo de descripción fija |
01479cam a2200373 i 4500 |
| 001 - NÚMERO DE CONTROL |
| Campo de control |
841199089 |
| 003 - IDENTIFICADOR DEL NÚMERO DE CONTROL |
| Campo de control |
OCoLC |
| 005 - FECHA Y HORA DE LA ULTIMA TRANSACCIÓN |
| control field |
20190410102254.0 |
| 008 - ELEMENTOS DE LONGITUD FIJA -- INFORMACIÓN GENERAL |
| Campo fijo de descripción fija -- Información general |
130416s2013 miuab g b 001 0 eng |
| 010 ## - NÚMERO DE CONTROL DE LA BIBLIOTECA DEL CONGRESO |
| Número de control LC |
2013007792 |
| 020 ## - NÚMERO INTERNACIONAL NORMALIZADO PARA LIBROS |
| Número Internacional Normalizado del libro |
9780801039874 (pbk.) |
| 020 ## - NÚMERO INTERNACIONAL NORMALIZADO PARA LIBROS |
| Número Internacional Normalizado del libro |
0801039878 (pbk.) |
| 024 8# - OTHER STANDARD IDENTIFIER |
| Número normalizado o códig |
99957391216 |
| 040 ## - FUENTE DE CATALOGACIÓN |
| Agencia de catalogación original |
DLC |
| Idioma de catalogación |
spa |
| Convenciones de la descripción |
rda |
| Agencia que realiza la transcripción |
CO-MdFUSB |
| Agencia que realiza la modificación |
YDX |
| -- |
YDXCP |
| -- |
STU |
| -- |
TLE |
| -- |
SP1 |
| -- |
CDX |
| -- |
BTCTA |
| -- |
BDX |
| -- |
LNT |
| -- |
XPQ |
| -- |
YUS |
| -- |
OCLCF |
| -- |
CHVBK |
| -- |
CMK |
| 041 ## - CÓDIGO DE IDIOMA |
| Código de idioma para texto/pista de sonido o título separado |
eng |
| 042 ## - AUTHENTICATION CODE |
| Authentication code |
pcc |
| 082 ## - NÚMERO DE CLASIFICACIÓN DECIMAL DEWEY |
| Número de la edición del Dewey |
24 |
| Número de clasificación |
G 232.908 |
| Clave de autor-Numero de item |
M478s |
| 100 1# - ASIENTO PRINCIPAL--NOMBRE PERSONAL |
| Nombre personal |
McDonald, Lee Martin, |
| Fechas asociadas con el nombre |
1942- |
| Término relacionador |
autor |
| 245 14 - TÍTULO |
| Título del Material |
The story of Jesus in history and faith |
| Parte restante del título - Subtitulo |
: An introduction |
| Mención de responsabilidad, etc. |
/ Lee Martin McDonald. |
| 264 #1 - PRODUCCIÓN, PUBLICACIÓN, DISTRIBUCIÓN, MANUFACTURA, Y COPYRIGHT |
| Lugar de producción, publicación, distribución, manufactura |
Grand Rapids, Michigan : |
| Nombre del productor, publicador, distribuidor |
Baker Academic, a Division of Baker Publishing Group, |
| Fecha de producción, publicación, distribución, manufactura, o copyright |
℗[2013] |
| 264 #4 - PRODUCCIÓN, PUBLICACIÓN, DISTRIBUCIÓN, MANUFACTURA, Y COPYRIGHT |
| Fecha de producción, publicación, distribución, manufactura, o copyright |
©2013 |
| 300 ## - DESCRIPCIÓN FÍSICA |
| Extensión |
xx, 393 páginas : |
| Otros detalles físicos |
ilustraciones, mapas ; |
| Dimensiones |
23 cm. |
| 336 ## - TIPO DE CONTENIDO |
| Fuente |
rdacontent. |
| Término de tipo de contenido |
texto |
| Código de tipo de contenido |
txt |
| 337 ## - TIPO DE MEDIO |
| Fuente |
rdamedia. |
| Nombre del tipo de medio |
sin mediación |
| Código del tipo de medio |
n |
| 338 ## - TIPO DE SOPORTE |
| Fuente |
rdacarrier. |
| Nombre del tipo de soporte |
volumen |
| Código Tipo de soporte |
nc |
| 501 ## - NOTA DE “CON” |
| Nota de Contenido |
Incluye índices (páginas 367- 393) |
| 504 ## - NOTA DE BIBLIOGRAFÍA, ETC. |
| Nota de bibliografía, etc |
Bibliografía (páginas 347- 365) |
| 505 0# - NOTA DE CONTENIDO |
| Nota de contenido con formato preestablecido |
Pt. 1. La historia y el Jesús histórico. -- Pt. 2. Fuentes para el estudio del Jesús histórico. -- Pt. 3. La historia de Jesús en la historia (eventos y enseñanzas). -- Conclusión: Jesús en la historia y en la fe. |
| 600 07 - ASIENTO SECUNDARIO DE MATERIA - NOMBRE PERSONAL |
| Nombre personal |
Jesucristo |
| Subdivisión general |
Historicidad |
| 650 #7 - ASIENTO SECUNDARIO DE MATERIA - TERMINO TEMÁTICO |
| Término temático o nombre geográfico como elemento de entrada |
Cristología |
| 9 (RLIN) |
239 |
| 942 ## - TIPO DE MATERIAL (KOHA) |
| Tipo de Item KOHA |
Libros General |